| 000 | 01591cam a2200481 i 4500 | ||
|---|---|---|---|
| 999 |
_c11440 _d11440 |
||
| 001 | 18205208 | ||
| 003 | OSt | ||
| 005 | 20191231152620.0 | ||
| 007 | ta | ||
| 008 | 140212s2014 ii b 000 0 eng d | ||
| 010 | _a 2014355608 | ||
| 020 | _a9789332701335 (set) | ||
| 020 | _a9332701334 (set) | ||
| 025 | _aI-E-2014-355608; 79-91 | ||
| 035 | _a(OCoLC)ocn874228950 | ||
| 035 | _a(OCoLC)874228950 | ||
| 037 | _aLibrary of Congress -- New Delhi Overseas Office | ||
| 040 |
_aDKAGE _beng _erda _coclc _dBDX _dBTCTA _dDLC |
||
| 042 |
_alccopycat _alcode |
||
| 043 | _aa-ii--- | ||
| 050 | 0 | 0 |
_aHC435.3 _b.E45 2014 |
| 082 | 0 | 4 |
_a330.954 _223 _bKAP/E |
| 245 | 0 | 4 |
_aThe Emerging Big Picture : _bMaking Sense of India's economy / _c Uma Kapila |
| 250 | _aVol 2 | ||
| 264 | 1 |
_aNew Delhi : _bAcademic Foundation, _c2014. |
|
| 300 |
_a368p _c24 cm. |
||
| 336 |
_atext _btxt _2rdacontent |
||
| 337 |
_aunmediated _bn _2rdamedia |
||
| 338 |
_avolume _bnc _2rdacarrier |
||
| 500 | _aContributed articles. | ||
| 504 | _aIncludes bibliographical references. | ||
| 650 | 0 | _aMacroeconomics. | |
| 650 | 0 |
_aAgriculture _xEconomic aspects _zIndia. |
|
| 650 | 0 |
_aFood prices _zIndia. |
|
| 650 | 0 |
_aFinancial institutions _zIndia. |
|
| 650 | 0 |
_aBanks and banking _zIndia. |
|
| 651 | 0 |
_aIndia _xEconomic conditions _y1991- |
|
| 651 | 0 |
_aIndia _xEconomic policy _y1991- |
|
| 700 | 1 |
_aKapila, Uma, _eeditor. |
|
| 906 |
_a7 _bcbc _ccopycat _d3 _encip _f20 _gy-gencatlg |
||
| 942 |
_2ddc _cBK _h330.954 _iKAP/E _k330.954 _mKAP/E |
||